<?xml version='1.0' encoding='UTF-8'?>
  <record xmlns="http://www.loc.gov/MARC21/slim">
    <leader>00000cam a22000007i 4500</leader>
    <controlfield tag="001">ocm66586937</controlfield>
    <controlfield tag="003">OCoLC</controlfield>
    <controlfield tag="005">20250330031714.3</controlfield>
    <controlfield tag="008">040704s1580    xx            000 0 ger d</controlfield>
    <datafield tag="040" ind1=" " ind2=" ">
      <subfield code="a">NLGGC</subfield>
      <subfield code="b">dut</subfield>
      <subfield code="e">fobidrtb</subfield>
      <subfield code="c">NLGGC</subfield>
      <subfield code="d">OCLCL</subfield>
      <subfield code="d">OCLCQ</subfield>
    </datafield>
    <datafield tag="029" ind1="0" ind2=" ">
      <subfield code="a">NLGGC</subfield>
      <subfield code="b">265520134</subfield>
    </datafield>
    <datafield tag="035" ind1=" " ind2=" ">
      <subfield code="a">(OCoLC)66586937</subfield>
    </datafield>
    <datafield tag="100" ind1="1" ind2=" ">
      <subfield code="a">Thurneysser, Leonhard.</subfield>
    </datafield>
    <datafield tag="245" ind1="1" ind2="0">
      <subfield code="a">Kurtze Verantwortung und notwendige Erenrettung des Edlen, Hoch und Weitberümpten Herren Leonhart Thurneissers zum Thurn, Churfürstlichs Brandenburgischs bestalten Leibs Medici unnd Burgers zu Basel auff die unbesunnenen, ubelgegründten, mit Neid und falscher Anklag, wie eine Sackpfeiff, ..., wie ein Igel mit Stachlen uberzogen, vorlognen ehrendiebischen Theses, disputationes und Schmehschrifften Frantz Joels des Leugcentiaten zu Gryphsswaldt in Pommern.</subfield>
    </datafield>
    <datafield tag="260" ind1=" " ind2=" ">
      <subfield code="a">[S.l.] :</subfield>
      <subfield code="b">[s.n.],</subfield>
      <subfield code="c">1580.</subfield>
    </datafield>
    <datafield tag="300" ind1=" " ind2=" ">
      <subfield code="c">20 cm.</subfield>
    </datafield>
    <datafield tag="336" ind1=" " ind2=" ">
      <subfield code="a">tekst</subfield>
      <subfield code="b">txt</subfield>
      <subfield code="2">rdacontent/dut</subfield>
    </datafield>
    <datafield tag="337" ind1=" " ind2=" ">
      <subfield code="a">zonder medium</subfield>
      <subfield code="b">n</subfield>
      <subfield code="2">rdamedia/dut</subfield>
    </datafield>
    <datafield tag="338" ind1=" " ind2=" ">
      <subfield code="a">band</subfield>
      <subfield code="b">nc</subfield>
      <subfield code="2">rdacarrier/dut</subfield>
    </datafield>
    <datafield tag="510" ind1="0" ind2=" ">
      <subfield code="a">Van Someren 302</subfield>
    </datafield>
    <datafield tag="510" ind1="0" ind2=" ">
      <subfield code="a">VD 16.1, T 1176</subfield>
    </datafield>
    <datafield tag="758" ind1=" " ind2=" ">
      <subfield code="a">Kurtze Verantwortung und notwendige Erenrettung des Edlen, Hoch und Weitberümpten Herren Leonhart Thurneissers zum Thurn, Churfürstlichs Brandenburgischs bestalten Leibs Medici unnd Burgers zu Basel auff die unbesunnenen, ubelgegründten, mit Neid und falscher Anklag, wie eine Sackpfeiff, ..., wie ein Igel mit Stachlen uberzogen, vorlognen ehrendiebischen Theses, disputationes und Schmehschrifften Frantz Joels des Leugcentiaten zu Gryphsswaldt in Pommern (Text)</subfield>
      <subfield code="1">https://id.oclc.org/worldcat/entity/E39PD3v7dWJwymQv47gfC3wP8K</subfield>
      <subfield code="4">https://id.oclc.org/worldcat/ontology/hasWork</subfield>
    </datafield>
    <datafield tag="936" ind1=" " ind2=" ">
      <subfield code="a">BATCHLOAD</subfield>
    </datafield>
  </record>